Asamiya otihasik upanyas (Record no. 2933)

MARC details
000 -LEADER
fixed length control field 00483cam a2200193ua 4500
001 - CONTROL NUMBER
control field 3089
005 - DATE AND TIME OF LATEST TRANSACTION
control field 20260515113630.0
008 - FIXED-LENGTH DATA ELEMENTS--GENERAL INFORMATION
fixed length control field 110928n ii |||gr||||Z||||||asm
040 ## - CATALOGING SOURCE
Transcribing agency MAIN
082 ## - DEWEY DECIMAL CLASSIFICATION NUMBER
Classification number 891.4513
100 ## - MAIN ENTRY--PERSONAL NAME
Personal name Bharali, Sailen,
Relator term Author.
245 11 - TITLE STATEMENT
Title Asamiya otihasik upanyas
Statement of responsibility, etc. by Sailen Bharali
250 ## - EDITION STATEMENT
Edition statement 2nd.
260 ## - PUBLICATION, DISTRIBUTION, ETC.
Place of publication, distribution, etc. Guahati:
Name of publisher, distributor, etc. Bani Prakash,987.
300 ## - PHYSICAL DESCRIPTION
Extent 108p:
Dimensions 23cm.
653 ## - INDEX TERM--UNCONTROLLED
Uncontrolled term Assamese novel
653 ## - INDEX TERM--UNCONTROLLED
Uncontrolled term Asamiya otihasik upanyas
942 ## - ADDED ENTRY ELEMENTS (KOHA)
Koha item type Books
Holdings
Withdrawn status Lost status Damaged status Not for loan Home library Current library Shelving location Date acquired Total checkouts Full call number Barcode Date last seen Date last checked out Copy number Price effective from Koha item type
        Naharkatiya College Library Naharkatiya College Library General stacks 09/19/2020 1 891.4513 | BHA 7963 03/21/2025 03/07/2025 4 09/19/2020 Books
        Naharkatiya College Library Naharkatiya College Library General stacks 09/19/2020   891.4513 | BHA 7964 09/19/2020   7 09/19/2020 Books
        Naharkatiya College Library Naharkatiya College Library General stacks 09/19/2020 1 891.4513 | BHA 7965 05/06/2023 04/19/2023 6 09/19/2020 Books
        Naharkatiya College Library Naharkatiya College Library General stacks 09/19/2020   891.4513 | BHA 7966 09/19/2020   2 09/19/2020 Books
        Naharkatiya College Library Naharkatiya College Library General stacks 09/19/2020 1 891.4513 | BHA 7967 03/06/2026 02/23/2026 1 09/19/2020 Books
        Naharkatiya College Library Naharkatiya College Library General stacks 09/19/2020 1 891.4513 | BHA 7968 03/05/2026 02/23/2026 3 09/19/2020 Books
        Naharkatiya College Library Naharkatiya College Library General stacks 09/19/2020 1 891.4513 | BHA 7969 03/05/2026 02/23/2026 5 09/19/2020 Books